|
|
|
|
| LEADER |
00000nam a2200000 i 4500 |
| 001 |
1/93496 |
| 008 |
080909s2001 gre d |
| 020 |
|
|
|a 960-540-420-6
|
| 035 |
|
|
|l 10100008
|
| 040 |
|
|
|a GR-MY-UA
|b gre
|e aacr
|
| 041 |
0 |
|
|a gre
|
| 082 |
0 |
|
|a 580
|2 (22)
|
| 100 |
1 |
|
|a Σφήκας, Γεώργιος.
|
| 245 |
1 |
3 |
|a Οι βοτανικοί παράδεισοι της Ελλάδας /
|c Γεώργιος Σφήκας
|
| 260 |
|
|
|a [Αθήνα] :
|b Τουμπής,
|c 2001
|
| 300 |
|
|
|a 256 σ.;
|b έγχρ., εικ. ;
|c 29 εκ.
|
| 504 |
|
|
|a Ευρετήριο: σ. 252-253
|
| 650 |
0 |
0 |
|a Botany
|z Greece.
|
| 650 |
0 |
0 |
|a Phytogeography.
|
| 650 |
0 |
0 |
|a Wild flowers.
|
| 852 |
|
|
|a INST
|b LESVOS
|e 20080909
|h 580 ΣΦΗ
|p 005100042878
|q 005100042878
|t BK
|y 0
|
| 901 |
|
|
|a BIBL1-2008-3
|
| 909 |
|
|
|a Λ
|b 146108
|
| 922 |
|
|
|a 1ΕΛΗ
|b 200802
|c ΕΠΕΑΕΚ2/ΤΠ
|d Σ. ΠΑΤΑΚΗΣ
|
| 970 |
|
|
|a ΧΑΤΖΗΜΙΧΑΗΛ
|b ΜΑΡΙΑ
|z 2008/09/09
|